El nuevo Derecho Alemán de obligaciones. Un análisis desde la Historia y el Derecho comparado.
Kaydedildi:
| Yazar: | |
|---|---|
| Diğer Yazarlar: | |
| Materyal Türü: | Kitap |
| Dil: | İspanyolca |
| Baskı/Yayın Bilgisi: |
Barcelona, España:
Bosch,
2008.
|
| Edisyon: | Primera edición. |
| Konular: | |
| Etiketler: |
Etiketle
Etiket eklenmemiş, İlk siz ekleyin!
|
MARC
| LEADER | 00000nam a2200000 a 4500 | ||
|---|---|---|---|
| 001 | UCH0136 | ||
| 003 | CL-VaPUC | ||
| 005 | 20220822114359.0 | ||
| 008 | 090108e20080000SP |||||||||||||||||spa|d | ||
| 999 | |c 332513 |d 332511 | ||
| 020 | |a 978-84-9790-412-4 | ||
| 040 | |c Pontificia Universidad Católica de Valparaíso | ||
| 082 | 0 | 4 | |a 346.4302 ZIM 2008 |2 21 |
| 100 | 0 | |a Zimmermann, Reinhard |e autor |9 534256 | |
| 245 | 1 | 3 | |a El nuevo Derecho Alemán de obligaciones. |b Un análisis desde la Historia y el Derecho comparado. |
| 250 | |a Primera edición. | ||
| 260 | |a Barcelona, España: |b Bosch, |c 2008. | ||
| 300 | |a XXIX, 282 páginas. | ||
| 500 | |a c.2 Donación Familia Prof. Alejandro Guzmán Brito. | ||
| 583 | |a last modification |c 20130104 08:40:17 |k Rodrigo Vera | ||
| 650 | 0 | |a Derecho de las obligaciones |9 328248 | |
| 650 | 0 | |a Derecho alemán |9 385144 |x Legislación |x Historia | |
| 650 | 0 | |a Derecho comparado |9 255664 |z Alemania | |
| 700 | |a Arroyo i Amayuelas, Esther |e traducción al castellano |9 866043 | ||
| 942 | |c BK |2 ddc |n 0 | ||
| 945 | |d 20090108 00:00:00 |a jtorresc | ||
| 952 | |0 0 |1 0 |4 0 |6 346_430200000000000_ZIM_2008 |7 0 |8 A |9 420290 |a BIBDER |b BIBDER |d 2019-11-22 |i 451162K |l 2 |o 346.4302 ZIM 2008 |p 451162K |r 2023-06-22 |s 2023-06-22 |w 2019-11-22 |y BK |k DER | ||
| 952 | |0 0 |1 0 |2 ddc |4 0 |6 346_430200000000000_ZIM_2008 |7 1 |8 C_AGB |9 580881 |a BIBDER |b BIBDER |d 2022-01-27 |e Donación |i 5642256 |o 346.4302 ZIM 2008 |p 5642256 |r 2023-01-25 |t 2 |w 2022-01-27 |y BK_US |k AGB | ||